000 01001nam a2200313 i 4500
001 000013745
003 DO-SdBNP
005 20250818091401.0
007 ta
008 091130s1975 dr ad 001 0 spa d
040 _aDO-SdBNP
_bspa
_cBNPHU
_erda
041 _asp
082 _a604.245
_bB142d
_222
100 1 _aBáez López-Penha, José Ramón
_eautor
_931200
245 1 0 _aDibujo lineal de proyección /
_cJosé R. Báez López-Penha.
264 _aSanto Domingo :
_bCultura Dominicana,
_c1975.
300 _a142 páginas :
_bilustraciones gráficas. ;
_c22 cm.
336 _ardacontent
_btexto
_2txt
337 _ardamedia
_bsin mediación
_2n
338 _ardacarrier
_bvolumen
_2nc
590 _aInventariado,2018/DG
650 4 _aDibujo geométrico
_96895
650 4 _aProyección
_931201
650 4 _aGeometría descriptiva
_910297
650 4 _aDibujo técnico
_910296
700 1 _aBáez, Vilma,
_eedición
_931202
910 _aValidado. Control de calidad EMS
942 _2ddc
_cLBS1
999 _c13358
_d13358